00658nam a2200229 a 450000100060000000300080000600500170001400800410003102000150007202000220008703500190010904000270012804100080015508200240016310000200018724500490020726000660025630000260032250400510034865000170039965000120041656617BD-RjUL20211209080421.0161203r19841981nyu b 001 0 eng  a0521230357 a0521297761 (pbk.) a(BD-RjUL)56741 aDLCcDLCdBD-RjULbeng aeng a149.7223bPUR 19841 aPutnam, Hilary.10aReason, truth, and history /cHilary Putnam. aNew York :bCambridge University Press,c1981[Reprinted 1984] axii, 222 p. ;c22 cm. aIncludes bibliographical references and index. 0aRationalism. 0aValues.